| 000 | 00941 a2200169 4500 | ||
|---|---|---|---|
| 003 | NUST | ||
| 005 | 20230712100024.0 | ||
| 040 | _cNust | ||
| 082 | _a540,FRA | ||
| 100 |
_aFrantz, Harper Wine. _999694 |
||
| 245 |
_aEssentials of chemistry in the laboratory / _cHarper W. Frantz [and] Lloyd E. Malm. Drawings by Roger Hayward. |
||
| 260 |
_aSan Francisco, ] _b W. H. Freeman _c[1961 |
||
| 300 |
_a308 p. illus. _b 26 cm. |
||
| 505 | _aIntroductory Measurement, Properties, Structure (Page-3), Introductory Descriptive Chemistry (Page-53), Weight and Volume Relationships (Page-81), Chemical Bonding and Electron Behavior (Page-127), The Chemistry of Some Nonmetals of Group (Page-171), Principles of Solution Chemistry (Page-209), Energy, Reaction Rates and Chemical Equilibrium (Page-255), Properties of Some Metal Ions (Page-311), Organic Chemistry (Page-339). | ||
| 650 |
_achemistry in the laboratory _999695 |
||
| 942 |
_2ddc _cBK _k540,FRA |
||
| 999 |
_c183321 _d183321 |
||